|
|
|
|
| LEADER |
00000nas a22000007a 4500 |
| 001 |
ssj0001632 |
| 003 |
WaSeSS |
| 005 |
20200512172242.0 |
| 006 |
m d |
| 007 |
cr n |
| 008 |
010608c19579999hiufr pss 0 a0eng c |
| 010 |
|
|
|a 2001213320
|
| 016 |
7 |
|
|a 2062160-7
|2 DE-600
|
| 022 |
|
|
|a 1535-8283
|l 0066-8435
|y 0066-8435
|
| 035 |
|
|
|a (WaSeSS)ssj0001632
|
| 037 |
|
|
|b University of Hawaii Press, Journals Dept., 2840 Kolowalu St., Honolulu, HI 96822
|
| 037 |
|
|
|a 22573/cts9mj79
|b JSTOR
|
| 040 |
|
|
|a JHE
|b eng
|c JHE
|d NSD
|d OCLCQ
|d MUQ
|d F#A
|d OCLCQ
|d EEM
|d OCLCQ
|d DLC
|d OCLCQ
|d OCLCF
|d OCLCO
|d CGU
|d TEF
|d OCLCE
|d OCLCQ
|d OCLCO
|d EUW
|d OCLCO
|d OCLCQ
|d DEFHM
|d OCLCO
|d OCLCQ
|d WT2
|d OCLCQ
|d BUF
|d OCLCQ
|d WYU
|d OCLCA
|d UHL
|d OCLCA
|d OCLCQ
|d WaSeSS
|
| 042 |
|
|
|a pcc
|a nsdp
|a dlr
|
| 043 |
|
|
|a a------
|a po-----
|
| 050 |
1 |
4 |
|a GN851
|
| 082 |
1 |
0 |
|a 950
|2 13
|
| 130 |
0 |
|
|a Asian perspectives (Online)
|
| 210 |
0 |
|
|a Asian perspect.
|b (Online)
|
| 222 |
|
0 |
|a Asian perspectives
|b (Online)
|
| 245 |
1 |
0 |
|a Asian perspectives
|h [electronic resource].
|
| 260 |
|
|
|a Honolulu :
|b University of Hawaii Press
|
| 310 |
|
|
|a Semiannual
|
| 362 |
1 |
|
|a Print began with volume 1 (1957).
|
| 500 |
|
|
|a "The journal of archaeology for Asia and the Pacific."
|
| 500 |
|
|
|a Title from title screen (viewed June 8, 2001).
|
| 506 |
|
|
|a License restrictions may limit access.
|
| 538 |
|
|
|a Master and use copy. Digital master created according to Benchmark for Faithful Digital Reproductions of Monographs and Serials, Version 1. Digital Library Federation, December 2002.
|u http://purl.oclc.org/DLF/benchrepro0212
|5 MiAaHDL
|
| 538 |
|
|
|a Mode of access: World Wide Web.
|
| 583 |
1 |
|
|a digitized
|c 2010
|h HathiTrust Digital Library
|l committed to preserve
|2 pda
|5 MiAaHDL
|
| 650 |
|
0 |
|a Prehistoric peoples
|z Asia
|v Periodicals.
|
| 650 |
|
0 |
|a Prehistoric peoples
|z Oceania
|v Periodicals.
|
| 650 |
|
6 |
|a Préhistoire
|z Asie
|v Périodiques.
|
| 650 |
|
6 |
|a Préhistoire
|z Océanie
|v Périodiques.
|
| 650 |
|
7 |
|a Antiquities.
|2 fast
|0 (OCoLC)fst00810745
|
| 650 |
|
7 |
|a Prehistoric peoples.
|2 fast
|0 (OCoLC)fst01075242
|
| 650 |
|
7 |
|a Archäologie
|2 gnd
|
| 650 |
|
7 |
|a Archéologie.
|2 rasuqam
|
| 650 |
|
7 |
|a Antiquités (Objets anciens)
|2 rasuqam
|
| 650 |
|
7 |
|a Préhistoire.
|2 rasuqam
|
| 651 |
|
0 |
|a Asia
|x Antiquities
|v Periodicals.
|
| 651 |
|
0 |
|a Oceania
|x Antiquities
|v Periodicals.
|
| 651 |
|
6 |
|a Asie
|x Antiquités
|v Périodiques.
|
| 651 |
|
6 |
|a Océanie
|x Antiquités
|v Périodiques.
|
| 651 |
|
7 |
|a Asia.
|2 fast
|0 (OCoLC)fst01240495
|
| 651 |
|
7 |
|a Oceania.
|2 fast
|0 (OCoLC)fst01242982
|
| 651 |
|
7 |
|a Pazifischer Ozean
|2 gnd
|
| 651 |
|
7 |
|a Asien
|2 gnd
|
| 651 |
|
7 |
|a Asie.
|2 rasuqam
|
| 651 |
|
7 |
|a Océanie.
|2 rasuqam
|
| 655 |
|
0 |
|a Electronic journals.
|
| 776 |
0 |
8 |
|i Print version:
|t Asian perspectives
|x 0066-8435
|w (DLC) 61043423
|w (OCoLC)1514437
|
| 856 |
4 |
0 |
|z Full text available from Research Library: 10/01/1997 to 1 year ago
|u https://search.proquest.com/publication/42249
|